000 00527cam a22002171 4500
001 sa 63002879
003 DLC
005 20260227111937.0
008 940808s1962 ii 000 0 maro
010 _asa 63002879
035 _a(OCoLC)30904033
040 _aDLC
_cCU
_dCU
_dDLC
042 _apremarc
050 0 0 _aPK2418.K314
_bV4
100 1 _aKānta, Vā. Rā.
_q(Vāmana Rāmacandra),
_d1913-
245 1 0 _aVelānṭī.
260 _c[1962]
300 _a128 p.
_c19 cm.
500 _aIn Marathi.
500 _aPoems.
999 _c54735
_d54735